[Event "Elitserien(Sollentuna-Eksjo)"]
[Site "?"]
[Date "2004.??.??"]
[Round "1"]
[White "Eriksson, Johan"]
[Black "Thornert, Hakan"]
[Result "1-0"]
[WhiteElo "2449"]
[BlackElo "2281"]
[PlyCount "121"]

1. d4 Nf6 2. c4 e6 3. Nc3 Bb4 4. Bg5 h6 5. Bh4 c5 6. d5 Bxc3+ 7. bxc3 d6 8. e3
e5 9. Qc2 Qe7 10. Nf3 Nbd7 11. Nd2 e4 12. Be2 g5 13. Bg3 h5 14. h4 g4 15. Bf4
Kd8 16. Nf1 Kc7 17. Ng3 Nf8 18. Rb1 Bd7 19. a4 Re8 20. Qb3 Rb8 21. Qa3 Kc8 22.
Rb5 Ng6 23. Bxd6 Qxd6 24. Rxc5+ Kd8 25. Rc8+ Ke7 26. c5 Qxd5 27. c6+ Qd6 28.
Qxd6+ Kxd6 29. Rxb8 Rxb8 30. cxd7 Kxd7 31. Nxh5 Nxh5 32. Bxg4+ Kc6 33. Bxh5 Rh8
34. Bxg6 fxg6 35. Ke2 a5 36. g4 b5 37. axb5+ Kxb5 38. h5 Kc4 39. hxg6 Rg8 40.
Ra1 Rxg6 41. Ra4+ Kxc3 42. Rxe4 Kb3 43. Kf3 a4 44. Rd4 a3 45. Rd1 Kc2 46. Re1
Rd6 47. g5 a2 48. Ra1 Kb2 49. Rxa2+ Kxa2 50. Ke4 Kb3 51. Ke5 Ra6 52. f4 Kc4 53.
e4 Ra5+ 54. Kf6 Kd4 55. e5 Ra8 56. g6 Rf8+ 57. Kg5 Ke4 58. g7 Rg8 59. Kf6 Kxf4
60. e6 Ra8 61. e7 1-0

[Event "Elitserien(Sollentuna-Eksjo)"]
[Site "?"]
[Date "2004.??.??"]
[Round "1"]
[White "Krantz, Cristopher"]
[Black "Eriksson, Jonas"]
[Result "0-1"]
[WhiteElo "2177"]
[BlackElo "2370"]
[PlyCount "48"]

1. c4 e5 2. g3 g6 3. Bg2 Bg7 4. Nc3 f5 5. d3 Nc6 6. e3 Nf6 7. Nge2 O-O 8. O-O
Ne7 9. e4 d6 10. f3 c6 11. Be3 Be6 12. Qd2 d5 13. cxd5 cxd5 14. d4 dxe4 15.
fxe4 exd4 16. Nxd4 Bc4 17. Rfe1 Ng4 18. Rad1 fxe4 19. Bxe4 Nxe3 20. Qxe3 Qb6
21. Nb3 Bxc3 22. bxc3 Rf1+ 23. Kg2 Qxe3 24. Rxe3 Rxd1 0-1

[Event "Elitserien(Sollentuna-Eksjo)"]
[Site "?"]
[Date "2004.??.??"]
[Round "1"]
[White "Andersson, Fredrik"]
[Black "Akvist, Hakan"]
[Result "1-0"]
[WhiteElo "2320"]
[BlackElo "2132"]
[PlyCount "95"]

1. e4 e6 2. d4 d5 3. Nc3 Bb4 4. exd5 exd5 5. Bd3 Nc6 6. a3 Be7 7. Bf4 a6 8.
Nce2 Bf6 9. c3 Nge7 10. Qc2 g6 11. Ng3 Be6 12. Nf3 Nc8 13. O-O g5 14. Be5 Bxe5
15. Nxe5 Nxe5 16. dxe5 h5 17. Nf5 Ne7 18. Ng7+ Kd7 19. c4 Qg8 20. cxd5 Nxd5 21.
Nf5 Rd8 22. Rac1 c6 23. Bxa6 Bxf5 24. Qxf5+ Kc7 25. Bc4 Qg6 26. Qxg6 fxg6 27.
Rfd1 Nf4 28. g3 Nh3+ 29. Kg2 g4 30. Bf7 Rdf8 31. e6 Ng5 32. Rd7+ Kb6 33. Rc3
Nxf7 34. exf7 Ka6 35. Rb3 b6 36. Re3 g5 37. Re5 h4 38. Rxg5 h3+ 39. Kf1 Rh7 40.
Rxg4 Rhxf7 41. Rxf7 Rxf7 42. Re4 Rf3 43. Ke2 Rf5 44. g4 Rb5 45. Ra4+ Kb7 46.
Rb4 Re5+ 47. Kf3 Rd5 48. Re4 1-0

[Event "Elitserien(Limhamn-SodraSASS)"]
[Site "?"]
[Date "2004.??.??"]
[Round "1"]
[White "Schneider, Stefan"]
[Black "Ornstein, Axel"]
[Result "1/2-1/2"]
[WhiteElo "2433"]
[BlackElo "2442"]
[PlyCount "63"]

1. d4 Nf6 2. c4 e6 3. Nf3 d5 4. Nc3 c6 5. cxd5 exd5 6. Bg5 Be7 7. Qc2 Nbd7 8.
e3 Nf8 9. Bd3 Ne6 10. Bh4 g6 11. O-O Ng7 12. b4 a6 13. Rab1 O-O 14. a4 Bf5 15.
Bxf5 Nxf5 16. Bxf6 Bxf6 17. b5 axb5 18. axb5 Qe7 19. bxc6 bxc6 20. Na4 Ra6 21.
Nc5 Ra7 22. Nd3 Rc8 23. Rfc1 Nd6 24. Nd2 Rac7 25. Rb6 Nf5 26. Nf3 Nd6 27. Nd2
Nf5 28. Kh1 h5 29. Nf3 Kg7 30. Qa4 Qe4 31. Nc5 Qe8 32. Nd3 1/2-1/2

[Event "Elitserien(Limhamn-SodraSASS)"]
[Site "?"]
[Date "2004.??.??"]
[Round "1"]
[White "Tadjerbashi, Amir"]
[Black "Alm, Hakan"]
[Result "1/2-1/2"]
[WhiteElo "2258"]
[BlackElo "2335"]
[PlyCount "138"]

1. e4 Nf6 2. e5 Nd5 3. d4 d6 4. c4 Nb6 5. exd6 cxd6 6. Nc3 Bf5 7. Be3 e6 8. h3
Be7 9. Nf3 O-O 10. Be2 d5 11. c5 Nc4 12. Bxc4 dxc4 13. Qa4 Bd3 14. Ne5 Nc6 15.
Nxd3 cxd3 16. O-O-O Qd7 17. b4 Rfd8 18. Rxd3 Bf6 19. Rhd1 a5 20. b5 Nb4 21.
R3d2 Nd5 22. Nxd5 Qxd5 23. Qb3 Qxg2 24. d5 a4 25. Qc4 exd5 26. Rxd5 Re8 27. Qg4
Qe4 28. Qxe4 Rxe4 29. Bd4 Be7 30. Rd7 Rc8 31. b6 Bxc5 32. Rc7 Ba3+ 33. Bb2 Rc4+
34. Rxc4 Rxc4+ 35. Kb1 Bf8 36. Rd8 Rb4 37. Kc2 Rxb6 38. Ba3 g6 39. Bxf8 Rc6+
40. Kd3 h5 41. Bb4+ Kg7 42. Bc3+ f6 43. Rd7+ Kh6 44. Rxb7 Rd6+ 45. Ke3 Rc6 46.
Bd2 g5 47. Rb4 Ra6 48. Kf3 Kg6 49. Be3 Ra5 50. Bb6 Ra8 51. Bd4 Ra5 52. Kg3 h4+
53. Kg2 f5 54. Rb6+ Kh5 55. Bc3 Rc5 56. Bb4 Rc2 57. a3 g4 58. hxg4+ fxg4 59.
Be7 h3+ 60. Kg3 Rc3+ 61. Kh2 Rc7 62. Rb5+ Kg6 63. Bc5 Kf6 64. Ra5 Ke6 65. Bb4
Rc2 66. Kg3 Rc1 67. Kh2 Rc2 68. Kg3 Rc1 69. Kh2 Rc2 1/2-1/2

[Event "Elitserien(Limhamn-SodraSASS)"]
[Site "?"]
[Date "2004.??.??"]
[Round "1"]
[White "Berntsen, Peter"]
[Black "Holmqvist, Gunnar"]
[Result "1-0"]
[WhiteElo "2094"]
[BlackElo "2270"]
[PlyCount "73"]

1. e4 e5 2. Nf3 Nc6 3. Bb5 a6 4. Bxc6 dxc6 5. O-O f6 6. d4 exd4 7. Nxd4 c5 8.
Nb3 Qxd1 9. Rxd1 Bg4 10. f3 Be6 11. Be3 b6 12. Nc3 Bd6 13. Nd5 O-O-O 14. g3 Ne7
15. Nxe7+ Bxe7 16. Kf2 a5 17. Rxd8+ Rxd8 18. Ke1 a4 19. Nd2 c4 20. a3 Kb7 21.
Nb1 Bd6 22. Nc3 f5 23. Rd1 fxe4 24. Nxe4 Be7 25. Rxd8 Bxd8 26. Bd4 g6 27. Bf6
Kc8 28. Kd2 h6 29. Bxd8 Kxd8 30. Ke3 Ke7 31. Kd4 c5+ 32. Ke5 Bf5 33. c3 Bd7 34.
f4 Bc6 35. Nd6 b5 36. Nc8+ Kd8 37. Kd6 1-0

[Event "Elitserien(Rockaden-LASK)"]
[Site "?"]
[Date "2004.??.??"]
[Round "1"]
[White "Hall, Jesper"]
[Black "Barkhagen, Jonas"]
[Result "0-1"]
[WhiteElo "2529"]
[BlackElo "2521"]
[PlyCount "66"]

1. e4 c5 2. Nc3 e6 3. f4 d5 4. Nf3 dxe4 5. Nxe4 Nf6 6. d3 b6 7. Qe2 Bb7 8. g3
Be7 9. Bg2 O-O 10. O-O Nc6 11. Be3 c4 12. Nxf6+ Bxf6 13. dxc4 Bxb2 14. Rab1 Bd4
15. Rfd1 Bxe3+ 16. Qxe3 Qc8 17. c5 Ne7 18. cxb6 Nd5 19. Qf2 Nc3 20. bxa7 Nxd1
21. Rxd1 Qc7 22. Ne5 Bxg2 23. Rd7 Qc8 24. Kxg2 f6 25. Qb6 fxe5 26. Rc7 Qe8 27.
Qb7 Qg6 28. fxe5 Rxa7 29. Qxa7 Qe4+ 30. Kh3 Qf5+ 31. g4 Qf1+ 32. Kh4 Qe1+ 33.
Kh5 Qxe5+ 0-1

[Event "Elitserien(Rockaden-LASK)"]
[Site "?"]
[Date "2004.??.??"]
[Round "1"]
[White "Karlsson, Lars"]
[Black "Olsson, Linus"]
[Result "1-0"]
[WhiteElo "2569"]
[BlackElo "2366"]
[PlyCount "79"]

1. g3 Nf6 2. c4 c5 3. Bg2 d5 4. cxd5 Nxd5 5. Nc3 Nc7 6. d3 e5 7. Qb3 Nd7 8. f4
Be7 9. Nf3 exf4 10. Bxf4 Ne6 11. O-O Nxf4 12. gxf4 O-O 13. Kh1 Rb8 14. Rad1 Nf6
15. d4 cxd4 16. Nxd4 Qa5 17. f5 Qe5 18. e4 Bc5 19. Nf3 Qf4 20. Nd5 Nxd5 21.
Rxd5 Qe3 22. Rd3 Qh6 23. Ne5 b6 24. Rh3 Qd6 25. Qg3 Re8 26. f6 g6 27. Rxh7 Rxe5
28. Qh4 Rh5 29. Rxh5 gxh5 30. Qxh5 Be3 31. e5 Qd2 32. Rd1 Be6 33. Rxd2 Bxd2 34.
Qe2 Bh6 35. Be4 Rd8 36. Qg2+ Kf8 37. Qf3 Rd2 38. Qh5 Ke8 39. Qxh6 Kd7 40. Qxd2+
1-0

[Event "Elitserien(Rockaden-LASK)"]
[Site "?"]
[Date "2004.??.??"]
[Round "1"]
[White "Wessman, Richard"]
[Black "Nicklasson, Christer"]
[Result "1/2-1/2"]
[WhiteElo "2501"]
[BlackElo "2413"]
[PlyCount "77"]

1. d4 f5 2. g3 Nf6 3. Bg2 g6 4. c4 Bg7 5. Nc3 O-O 6. Nf3 d6 7. O-O c6 8. Qc2
Qc7 9. b3 a5 10. Bb2 Na6 11. Rad1 e5 12. dxe5 dxe5 13. Na4 Ne4 14. Ne1 Ng5 15.
Ba3 Nb4 16. Bxb4 axb4 17. Qd2 f4 18. Qxb4 e4 19. Qb6 Qe5 20. gxf4 Qxf4 21. Qe3
Qxe3 22. fxe3 Nh3+ 23. Bxh3 Bxh3 24. Rxf8+ Rxf8 25. Ng2 Bh6 26. Nc5 Rf5 27.
Nxe4 Re5 28. Nf2 Be6 29. Nd3 Ra5 30. a4 g5 31. Nf2 b5 32. Rd6 bxa4 33. bxa4 Kf7
34. Rxc6 Rxa4 35. Nd3 Bg7 36. Kf2 Rxc4 37. Rxc4 Bxc4 38. Nge1 Ke6 39. Nf3
1/2-1/2

[Event "Elitserien(Rockaden-LASK)"]
[Site "?"]
[Date "2004.??.??"]
[Round "1"]
[White "Nilsson, Sebastian"]
[Black "Engqvist, Thomas"]
[Result "1/2-1/2"]
[WhiteElo "2282"]
[BlackElo "2419"]
[PlyCount "74"]

1. e4 c6 2. d4 d5 3. Nc3 dxe4 4. Nxe4 Bf5 5. Ng3 Bg6 6. h4 h6 7. Nf3 e6 8. h5
Bh7 9. Bd3 Bxd3 10. Qxd3 Nf6 11. Bf4 Bd6 12. Be5 Qc7 13. Ne4 Nxe4 14. Qxe4 O-O
15. O-O-O Nd7 16. g4 f6 17. Bxd6 Qxd6 18. Nh4 Qd5 19. Qxd5 cxd5 20. Rhe1 Kf7
21. f4 Rfe8 22. Rd3 Nb6 23. b3 Rad8 24. Rde3 Nd7 25. Kb2 Rc8 26. R1e2 b5 27.
Rd2 Nb6 28. Rde2 Nd7 29. Rd2 b4 30. Red3 Nb6 31. Re2 a5 32. Rde3 Nd7 33. a3 Rc6
34. a4 Rec8 35. Kb1 Re8 36. Kb2 Rec8 37. Kb1 Re8 1/2-1/2

[Event "Elitserien(Rockaden-LASK)"]
[Site "?"]
[Date "2004.??.??"]
[Round "1"]
[White "Hedman, Erik"]
[Black "Semcesen, Daniel"]
[Result "1-0"]
[WhiteElo "2433"]
[BlackElo "2314"]
[PlyCount "63"]

1. e4 c5 2. Nf3 Nc6 3. d4 cxd4 4. Nxd4 Nf6 5. Nc3 e5 6. Ndb5 d6 7. Nd5 Nxd5 8.
exd5 Nb8 9. a4 Be7 10. Be2 O-O 11. O-O f5 12. f4 a6 13. Na3 Nd7 14. Nc4 exf4
15. Bxf4 Nb6 16. b3 Nxc4 17. bxc4 Qb6+ 18. Kh1 Bd7 19. Rb1 Qc7 20. c5 Qxc5 21.
Rxb7 Ra7 22. Bxa6 Rxb7 23. Bxb7 Bxa4 24. Qe2 Rf7 25. c4 Bf8 26. Ba6 Re7 27. Qf3
Bc2 28. h3 g6 29. Kh2 Bg7 30. Qf2 Qa3 31. Bc8 Be4 32. Be6+ 1-0

[Event "Elitserien(Rockaden-LASK)"]
[Site "?"]
[Date "2004.??.??"]
[Round "1"]
[White "Johnson, Bjorn"]
[Black "Vilchez, Victor"]
[Result "1-0"]
[WhiteElo "2307"]
[BlackElo "2376"]
[PlyCount "81"]

1. d4 Nf6 2. c4 c5 3. Nf3 g6 4. Nc3 Bg7 5. g3 O-O 6. Bg2 cxd4 7. Nxd4 Nc6 8.
O-O d6 9. Nxc6 bxc6 10. Bxc6 Rb8 11. Bg2 Qa5 12. Qc2 Be6 13. Bd2 Rfc8 14. b3
Qh5 15. e4 Ng4 16. h3 Ne5 17. f4 Nxc4 18. bxc4 Bxc4 19. Rfb1 Rxb1+ 20. Rxb1 Be6
21. Kh2 Qc5 22. Rc1 Qd4 23. Be1 Qc4 24. Qd2 h5 25. Ne2 Qa6 26. Rxc8+ Bxc8 27.
Nc3 e6 28. Qe2 Qa3 29. Nb5 Qa6 30. Qc4 Bd7 31. a4 Qb6 32. h4 Qe3 33. Bc3 Bxb5
34. Qc8+ Kh7 35. Bxg7 Kxg7 36. axb5 Qd4 37. Qc7 Kf8 38. f5 exf5 39. exf5 Kg7
40. fxg6 Kxg6 41. Qe7 1-0

[Event "Elitserien(Rockaden-LASK)"]
[Site "?"]
[Date "2004.??.??"]
[Round "1"]
[White "Livner, Anders"]
[Black "Smith, Axel"]
[Result "1-0"]
[WhiteElo "2341"]
[BlackElo "2256"]
[PlyCount "107"]

1. d4 Nf6 2. c4 c5 3. d5 b5 4. cxb5 a6 5. bxa6 g6 6. Nc3 Bxa6 7. g3 d6 8. Bg2
Bg7 9. Nf3 O-O 10. O-O Nbd7 11. Rb1 Qa5 12. Bd2 Rfb8 13. Qc2 Ng4 14. b3 Nge5
15. Nxe5 Nxe5 16. a4 Qd8 17. h3 Ra7 18. Rfe1 Rab7 19. f4 Nd7 20. Na2 Qe8 21. b4
cxb4 22. Nxb4 Nc5 23. Nxa6 Rxb1 24. Rxb1 Nxa6 25. Rxb8 Qxb8 26. e3 Bb2 27. Qc4
Nc7 28. Ba5 Qa7 29. Bxc7 Qxe3+ 30. Kh2 Bd4 31. h4 g5 32. hxg5 Qg1+ 33. Kh3 Qd1
34. Bf1 Qf3 35. Qxd4 Qxf1+ 36. Kh2 Qe2+ 37. Kg1 Qe1+ 38. Kg2 Qe2+ 39. Qf2 Qe4+
40. Kh2 Qxa4 41. Bb6 Qd1 42. Bd4 h6 43. gxh6 Qh5+ 44. Kg1 Qxd5 45. Qe3 Qh5 46.
Kg2 Qd5+ 47. Kf2 e6 48. Bc3 Qh1 49. Qd4 Qh2+ 50. Kf3 Qh1+ 51. Kg4 Qxh6 52. Qf6
Qxf6 53. Bxf6 Kf8 54. Kg5 1-0

[Event "Elitserien(Skara-SodraSASS)"]
[Site "?"]
[Date "2004.??.??"]
[Round "2"]
[White "Akesson, Ralf"]
[Black "Gausel, Einar"]
[Result "1-0"]
[WhiteElo "2564"]
[BlackElo "2587"]
[PlyCount "85"]

1. d4 Nf6 2. c4 e6 3. g3 d5 4. Bg2 c6 5. Nf3 Nbd7 6. O-O b6 7. b3 Bb7 8. Nc3
Rc8 9. Bb2 Be7 10. Qd3 O-O 11. e4 a5 12. Rfe1 Ba6 13. Rad1 Bb4 14. e5 Ne8 15.
h4 Be7 16. Bf1 Nc7 17. Qe3 b5 18. c5 b4 19. Ne2 Bxe2 20. Bxe2 f5 21. exf6 gxf6
22. Bf1 Rf7 23. Bh3 Nf8 24. Bc1 Ra8 25. Qe2 a4 26. Bh6 axb3 27. axb3 Ra3 28.
Rd3 Kh8 29. Qd2 Qb8 30. h5 Qb5 31. Bf1 Qa5 32. Qf4 Kg8 33. Qg4+ Kh8 34. Qf4 Kg8
35. Bh3 Ra1 36. Rxa1 Qxa1+ 37. Kg2 e5 38. dxe5 fxe5 39. Qxe5 Qxe5 40. Nxe5 Bxc5
41. Nxf7 Kxf7 42. Rf3+ Ke8 43. Rf6 1-0

[Event "Elitserien(Skara-SodraSASS)"]
[Site "?"]
[Date "2004.??.??"]
[Round "2"]
[White "Hillarp-Persson, Tiger"]
[Black "Ornstein, Axel"]
[Result "1-0"]
[WhiteElo "2564"]
[BlackElo "2442"]
[PlyCount "85"]

1. d4 Nf6 2. c4 e6 3. Nc3 Bb4 4. e3 c5 5. Nge2 d5 6. a3 Ba5 7. cxd5 cxd4 8.
exd4 Nxd5 9. Be3 O-O 10. g3 Bd7 11. Bg2 Bc6 12. O-O Nxc3 13. bxc3 Bxg2 14. Kxg2
Qd5+ 15. Kg1 Nd7 16. Rb1 Rac8 17. Nf4 Qe4 18. Bd2 Nf6 19. Re1 Qc6 20. Re5 Bc7
21. Rc5 Qa6 22. Nh5 Nxh5 23. Rxh5 Bd6 24. Rhb5 b6 25. a4 Rc4 26. Ra1 Qc8 27. a5
Qc6 28. Qb3 Bc7 29. axb6 axb6 30. f3 Rd8 31. Kg2 e5 32. d5 Rxd5 33. Rxd5 Qxd5
34. Qxc4 Qxd2+ 35. Kh1 Bd6 36. Ra2 Qc1+ 37. Kg2 g6 38. Qd5 Bc7 39. c4 Kg7 40.
h4 h5 41. Qd2 Qb1 42. Ra7 Bb8 43. Rb7 1-0

[Event "Elitserien(Skara-SodraSASS)"]
[Site "?"]
[Date "2004.??.??"]
[Round "2"]
[White "Furhoff, Johan"]
[Black "Djurhuus, Rune"]
[Result "1/2-1/2"]
[WhiteElo "2416"]
[BlackElo "2578"]
[PlyCount "75"]

1. e4 c5 2. Nf3 d6 3. d4 cxd4 4. Nxd4 Nf6 5. Nc3 g6 6. Be3 Bg7 7. f3 Nc6 8. Bc4
O-O 9. Qd2 Bd7 10. h4 Qa5 11. O-O-O Ne5 12. Bb3 Rfc8 13. g4 Nc4 14. Bxc4 Rxc4
15. Nb3 Qa6 16. g5 Nh5 17. Bd4 Rac8 18. Bxg7 Kxg7 19. Kb1 Be6 20. Rc1 Rxc3 21.
bxc3 Qa3 22. Rcd1 Rc4 23. Qc1 Qxc1+ 24. Kxc1 Rxc3 25. Nd4 Ra3 26. Nxe6+ fxe6
27. Rd3 Rxa2 28. Kd2 e5 29. Rc3 b6 30. Rc7 Kf7 31. Rc8 Ra3 32. Rf1 Ng3 33. Rf2
Ra1 34. Rh8 Kg7 35. Re8 Kf7 36. Rh8 Kg7 37. Re8 Kf7 38. Rh8 1/2-1/2

[Event "Elitserien(Skara-SodraSASS)"]
[Site "?"]
[Date "2004.??.??"]
[Round "2"]
[White "Ziegler, Ari"]
[Black "Sjoberg, Mats"]
[Result "1-0"]
[WhiteElo "2433"]
[BlackElo "2389"]
[PlyCount "89"]

1. d4 Nf6 2. Nf3 e6 3. e3 c5 4. Bd3 cxd4 5. exd4 Be7 6. O-O O-O 7. c4 d6 8. b3
b6 9. Bb2 Bb7 10. Nbd2 Re8 11. Ng5 h6 12. f4 Nbd7 13. Qe2 Nf8 14. Ngf3 a5 15.
a3 N8h7 16. Rae1 Bf8 17. Bb1 d5 18. Ne5 a4 19. b4 dxc4 20. Ndxc4 Bd5 21. Qd3
Rc8 22. Nd2 Rc7 23. Re3 g6 24. g4 Bg7 25. Rg3 Nf8 26. h4 Ba8 27. f5 exf5 28.
gxf5 Qd5 29. fxg6 Nxg6 30. Kh2 h5 31. Ndf3 Ng4+ 32. Nxg4 hxg4 33. Rxg4 Rce7 34.
Ne5 Rxe5 35. dxe5 Bxe5+ 36. Bxe5 Qxe5+ 37. Qg3 Qb2+ 38. Kh3 Re2 39. Bxg6 Bg2+
40. Qxg2 Rxg2 41. Rxg2 Qxa3+ 42. Rg3 Qxb4 43. Bxf7+ Kf8 44. Re3 Qd4 45. Bh5+
1-0

[Event "Elitserien(Skara-SodraSASS)"]
[Site "?"]
[Date "2004.??.??"]
[Round "2"]
[White "Lundvik, Jonas"]
[Black "Mohammadi, Amir"]
[Result "1-0"]
[WhiteElo "2303"]
[BlackElo "2272"]
[PlyCount "99"]

1. d4 f5 2. g3 Nf6 3. Bg2 e6 4. Nf3 d5 5. c4 c6 6. Qc2 Bd6 7. O-O O-O 8. Bf4
Bxf4 9. gxf4 b6 10. e3 Bb7 11. cxd5 Nxd5 12. Nc3 Qd6 13. Nxd5 cxd5 14. Rfc1 Nc6
15. Qa4 a6 16. Rc3 Rfc8 17. Rac1 Na5 18. Ne5 Rxc3 19. Rxc3 Rc8 20. Rxc8+ Bxc8
21. Bf1 Qd8 22. Qc2 b5 23. b3 Nb7 24. Qc6 Nd6 25. Bd3 Bb7 26. Qd7 Qxd7 27. Nxd7
Kf7 28. f3 Ke7 29. Nc5 Bc8 30. Kf2 Kd8 31. e4 dxe4 32. fxe4 fxe4 33. Nxe4 Nf5
34. Ng3 Nxd4 35. Bxh7 Ke7 36. Be4 Bd7 37. b4 Kf6 38. Ke3 Nc6 39. Bxc6 Bxc6 40.
Ne4+ Bxe4 41. Kxe4 g6 42. h3 Kf7 43. Ke5 Ke7 44. h4 Kf7 45. Kd6 Kf6 46. a3 Kf7
47. Kd7 Kf6 48. Ke8 Kf5 49. Kf7 Kg4 50. Kxg6 1-0

[Event "Elitserien(Skara-SodraSASS)"]
[Site "?"]
[Date "2004.??.??"]
[Round "2"]
[White "Andersson, Goran"]
[Black "Holmqvist, Gunnar"]
[Result "1/2-1/2"]
[WhiteElo "2232"]
[BlackElo "2270"]
[PlyCount "99"]

1. Nf3 Nf6 2. c4 c5 3. Nc3 g6 4. e4 d6 5. d4 cxd4 6. Nxd4 Bg7 7. Be2 O-O 8. Be3
Nc6 9. O-O Bd7 10. Rc1 Nxd4 11. Bxd4 Bc6 12. f3 Nh5 13. Bxg7 Nxg7 14. Qd4 Qa5
15. Nd5 Bxd5 16. cxd5 Rfc8 17. a3 Nh5 18. g3 Qb6 19. Qxb6 axb6 20. Bb5 Nf6 21.
Kf2 Kf8 22. a4 e6 23. dxe6 fxe6 24. Ke3 Ke7 25. f4 d5 26. exd5 Nxd5+ 27. Ke4
Rc5 28. Rxc5 bxc5 29. Ke5 Nc7 30. Rc1 b6 31. b4 Rd8 32. bxc5 Rd5+ 33. Ke4 bxc5
34. Bc6 Rd2 35. Rxc5 Kd6 36. Rc1 Re2+ 37. Kf3 Rxh2 38. Bb5 Nxb5 39. axb5 Rb2
40. Rc6+ Kd5 41. Rc7 e5 42. Rxh7 Rxb5 43. Rg7 e4+ 44. Kg4 Rb6 45. Rd7+ Rd6 46.
Ra7 Re6 47. Ra1 Kc4 48. f5 gxf5+ 49. Kxf5 Re8 50. g4 1/2-1/2

[Event "Elitserien(Skara-SodraSASS)"]
[Site "?"]
[Date "2004.??.??"]
[Round "2"]
[White "Alm, Hakan"]
[Black "Friberg, Hans"]
[Result "1-0"]
[WhiteElo "2335"]
[BlackElo "2198"]
[PlyCount "95"]

1. d4 Nf6 2. c4 g6 3. Nc3 Bg7 4. e4 O-O 5. Nge2 d6 6. Ng3 e5 7. d5 Ng4 8. Be2
Qh4 9. Bxg4 Bxg4 10. f3 Bc8 11. Be3 Bh6 12. Bf2 Qe7 13. O-O f5 14. Qc2 a5 15.
a3 b6 16. b4 Bf4 17. Nge2 fxe4 18. Nxe4 Bf5 19. N2c3 Nd7 20. Qe2 Nf6 21. Bh4
Bxe4 22. Nxe4 g5 23. Bf2 Nxe4 24. fxe4 g4 25. Qxg4+ Kh8 26. Bh4 Be3+ 27. Kh1
Rxf1+ 28. Rxf1 Rf8 29. Rf5 Rxf5 30. Qxf5 Qe8 31. Bf6+ Kg8 32. Qg4+ Qg6 33. Qe6+
Kf8 34. bxa5 bxa5 35. a4 Bb6 36. Be7+ Ke8 37. Qxg6+ hxg6 38. Bg5 Kd7 39. g4 c5
40. h4 Ke8 41. h5 Kf7 42. Kg2 Kg7 43. Kg3 Kh7 44. Kh4 Bc7 45. Be7 Kh6 46. Bf6
Bb6 47. Bg5+ Kg7 48. Be7 1-0

[Event "Elitserien(LASK-Sollentuna)"]
[Site "?"]
[Date "2004.??.??"]
[Round "2"]
[White "Niklasson, Christer"]
[Black "Berg, Emanuel"]
[Result "1/2-1/2"]
[WhiteElo "2413"]
[BlackElo "2603"]
[PlyCount "104"]

1. d4 Nf6 2. c4 e6 3. Nc3 Bb4 4. a3 Bxc3+ 5. bxc3 d5 6. e3 O-O 7. cxd5 exd5 8.
Bd3 b6 9. Ne2 Ba6 10. Bxa6 Nxa6 11. Qd3 Nb8 12. O-O Nc6 13. f3 Na5 14. e4 Nb3
15. Bg5 Nxa1 16. Rxa1 h6 17. Bh4 g5 18. Bf2 Nh5 19. Be3 Qd7 20. h4 f5 21. exd5
f4 22. Qg6+ Ng7 23. Bf2 Rae8 24. Re1 Qxd5 25. Qxh6 Re6 26. Qxg5 Qxg5 27. hxg5
Rfe8 28. Kf1 Nh5 29. Nc1 Rxe1+ 30. Bxe1 Kg7 31. Bd2 Kg6 32. Ne2 Kf5 33. Kf2 b5
34. Nxf4 Nxf4 35. g4+ Kxg5 36. Kg3 Rf8 37. Bc1 a5 38. Bd2 a4 39. Bc1 Rf7 40.
Bd2 Rf6 41. d5 Rf7 42. Bc1 Rf6 43. Bd2 Rf8 44. Bc1 Rf7 45. Bd2 Rf6 46. Bc1 Rf8
47. Bd2 Rf7 48. Bc1 Rd7 49. Bxf4+ Kg6 50. Kh4 Rh7+ 51. Kg3 Rd7 52. Kh4 Rh7+
1/2-1/2

[Event "Elitserien(LASK-Sollentuna)"]
[Site "?"]
[Date "2004.??.??"]
[Round "2"]
[White "Couso, Luis"]
[Black "Johnson, Bjorn"]
[Result "1/2-1/2"]
[WhiteElo "2428"]
[BlackElo "2307"]
[PlyCount "120"]

1. c4 f5 2. Nf3 Nf6 3. g3 e6 4. Bg2 Be7 5. O-O O-O 6. Nc3 d5 7. cxd5 exd5 8. d4
c6 9. Bf4 Nh5 10. Bxb8 Rxb8 11. e3 Nf6 12. Ne2 Bd6 13. Nf4 Bd7 14. Rc1 Qb6 15.
Nd3 Be8 16. Nfe5 Nd7 17. Qd2 Nxe5 18. dxe5 Be7 19. Qc3 Bf7 20. Qd4 Rbd8 21. b4
Kh8 22. Rc3 Be6 23. a3 Bc8 24. Rd1 Be6 25. Nc5 Bxc5 26. Rxc5 Rd7 27. h4 a6 28.
Bf3 Qd8 29. a4 Qe7 30. Be2 Rc8 31. Rdc1 Rdc7 32. a5 Bd7 33. f4 Be6 34. Kf2 Kg8
35. R5c3 Qf7 36. Rg1 h5 37. Rgc1 g6 38. Qb6 Bd7 39. Rc5 Be8 40. b5 axb5 41.
Bxb5 Qd7 42. Rxd5 Qxd5 43. Bc4 Bf7 44. Bxd5 Bxd5 45. Rd1 Kh7 46. Qc5 Rd8 47. e6
Rg7 48. e4 fxe4 49. Ke3 Kh6 50. Rb1 Re8 51. Qa7 b5 52. Qd4 Bxe6 53. Qe5 Rd7 54.
a6 Rd3+ 55. Kf2 Rf3+ 56. Kg1 Rxg3+ 57. Kh2 Rh3+ 58. Kg1 Rg3+ 59. Kh2 Rh3+ 60.
Kg1 Rg3+ 1/2-1/2

[Event "Elitserien(LASK-Sollentuna)"]
[Site "?"]
[Date "2004.??.??"]
[Round "2"]
[White "Smith, Axel"]
[Black "Lindberg, Bosse"]
[Result "0-1"]
[WhiteElo "2256"]
[BlackElo "2426"]
[PlyCount "77"]

1. e4 c5 2. c3 d6 3. d4 Nf6 4. Bd3 Nc6 5. Nf3 Bg4 6. d5 Bxf3 7. Qxf3 Ne5 8.
Bb5+ Nfd7 9. Qe2 a6 10. Ba4 c4 11. Bxd7+ Qxd7 12. O-O g6 13. Nd2 b5 14. Nf3
Nxf3+ 15. Qxf3 Bg7 16. Qd1 O-O 17. Be3 b4 18. Bd4 Bxd4 19. Qxd4 bxc3 20. Qxc3
Rfc8 21. Rfc1 Rab8 22. Qd2 Qa4 23. Rc3 Rc5 24. Qc2 Qa5 25. g3 Rcb5 26. Ra3 Qb6
27. b3 Rb4 28. Qc3 Qb5 29. Kg2 f5 30. exf5 Qxd5+ 31. Qf3 Qxf3+ 32. Kxf3 cxb3
33. Rxb3 gxf5 34. Ra3 R8b6 35. Rc1 Kf7 36. Rc8 Rb2 37. Rh8 Kg7 38. Re8 Kf6 39.
Rf8+ 0-1

[Event "Elitserien(LASK-Sollentuna)"]
[Site "?"]
[Date "2004.??.??"]
[Round "2"]
[White "Eriksson, Jonas"]
[Black "Nilsson, Sebastian"]
[Result "1-0"]
[WhiteElo "2370"]
[BlackElo "2282"]
[PlyCount "35"]

1. d4 d5 2. Nc3 e6 3. Nf3 Be7 4. Bf4 Nf6 5. e3 O-O 6. Ne5 b6 7. Bd3 Bb7 8. Qf3
c5 9. g4 Nc6 10. g5 Nxe5 11. Bxe5 Ne8 12. Rg1 c4 13. Bxh7+ Kxh7 14. Qh5+ Kg8
15. f4 Nf6 16. gxf6 Bxf6 17. Qh6 g6 18. Rg3 1-0

[Event "Elitserien(LASK-Sollentuna)"]
[Site "?"]
[Date "2004.??.??"]
[Round "2"]
[White "Semcesen, Daniel"]
[Black "Andersson, Fredrik"]
[Result "1/2-1/2"]
[WhiteElo "2314"]
[BlackElo "2320"]
[PlyCount "56"]

1. e4 c6 2. d3 d5 3. Nd2 e5 4. g3 Nf6 5. Bg2 Bd6 6. Ngf3 O-O 7. O-O Re8 8. a3
a5 9. b3 Nbd7 10. Bb2 Qc7 11. Nh4 dxe4 12. dxe4 Bf8 13. Qe2 b6 14. Rfe1 Ba6 15.
Qf3 Rad8 16. Nf1 g6 17. Ne3 Bg7 18. b4 a4 19. Bh3 Nf8 20. Rad1 h5 21. Bc1 g5
22. Nhf5 g4 23. Bxg4 hxg4 24. Nxg4 Nxg4 25. Qxg4 Ne6 26. h4 Rxd1 27. Rxd1 Rd8
28. Re1 Bc8 1/2-1/2

[Event "Elitserien(Astorp-Rockaden)"]
[Site "?"]
[Date "2004.??.??"]
[Round "2"]
[White "Ivarsson, Stefan"]
[Black "Karlsson, Lars"]
[Result "1/2-1/2"]
[WhiteElo "2280"]
[BlackElo "2569"]
[PlyCount "60"]

1. g3 f5 2. Bg2 Nf6 3. c4 e6 4. Nf3 d5 5. b3 Nc6 6. Bb2 d4 7. O-O e5 8. e3 Be7
9. exd4 exd4 10. Na3 O-O 11. Nc2 d3 12. Ncd4 Nxd4 13. Nxd4 Bc5 14. Nb5 f4 15.
Bxf6 Qxf6 16. Qh5 f3 17. Qxc5 fxg2 18. Rfe1 Bg4 19. f4 Be2 20. Nc3 Rad8 21.
Rab1 Rfe8 22. Qf2 g5 23. Nxe2 dxe2 24. Rxe2 Rxe2 25. Qxe2 gxf4 26. Qxg2 Qd4+
27. Kh1 Qxd2 28. gxf4+ Qxg2+ 29. Kxg2 Rd2+ 30. Kg3 Rxa2 1/2-1/2

[Event "Elitserien(Astorp-Rockaden)"]
[Site "?"]
[Date "2004.??.??"]
[Round "2"]
[White "Petersson, Gosta"]
[Black "Wessman, Richard"]
[Result "0-1"]
[WhiteElo "2094"]
[BlackElo "2501"]
[PlyCount "56"]

1. c4 c6 2. Nc3 d5 3. d4 Nf6 4. Nf3 dxc4 5. a4 Bf5 6. e3 e6 7. Bxc4 Bb4 8. O-O
O-O 9. Qb3 Qe7 10. a5 c5 11. Ne5 cxd4 12. exd4 Nc6 13. Nxc6 bxc6 14. a6 Rab8
15. Qa4 Nd5 16. Bxd5 cxd5 17. Re1 Qc7 18. Re3 Rfc8 19. h3 Bd6 20. Ne2 Rb4 21.
Qd1 Rc4 22. Bd2 Rb8 23. Rb3 Bc2 24. Rxb8+ Qxb8 25. Qc1 Bd3 26. Nc3 Rxd4 27. Ra4
Rxa4 28. Nxa4 Bxa6 0-1

[Event "Elitserien(Astorp-Rockaden)"]
[Site "?"]
[Date "2004.??.??"]
[Round "2"]
[White "Dalso, Harry"]
[Black "Hedman, Erik"]
[Result "0-1"]
[WhiteElo "2026"]
[BlackElo "2433"]
[PlyCount "52"]

1. d4 d5 2. Nf3 e6 3. Bf4 Bd6 4. Bg3 Nh6 5. e3 O-O 6. c4 c6 7. Nbd2 f5 8. Bxd6
Qxd6 9. Ne5 Nd7 10. c5 Nxc5 11. Ndf3 Ne4 12. a3 Ng4 13. Nd3 b6 14. h3 Nxe3 15.
fxe3 Qg3+ 16. Ke2 Ba6 17. Qe1 Bxd3+ 18. Kxd3 Nf2+ 19. Ke2 Nxh1 20. b4 a5 21.
Rb1 axb4 22. Rxb4 Rxa3 23. Rxb6 Rb8 24. Rxb8+ Qxb8 25. Ne5 Qb2+ 26. Kf3 Qxd4
0-1